An introduction to ornithology and biology of the blue rock pigeon/ (Record no. 330458)

MARC details
000 -LEADER
fixed length control field 00971nam a2200337 a 4500
001 - CONTROL NUMBER
control field vtls000375410
003 - CONTROL NUMBER IDENTIFIER
control field NLI
005 - DATE AND TIME OF LATEST TRANSACTION
control field 20210602175725.0
008 - FIXED-LENGTH DATA ELEMENTS--GENERAL INFORMATION
fixed length control field 110113s2008 ii da e 001 0 eng
020 ## - INTERNATIONAL STANDARD BOOK NUMBER
International Standard Book Number 8173815615
Terms of availability Rs.495.00
039 #9 - LEVEL OF BIBLIOGRAPHIC CONTROL AND CODING DETAIL [OBSOLETE]
-- 201101132308
-- VLOAD
040 ## - CATALOGING SOURCE
Original cataloging agency NLI :
Language of cataloging eng
Transcribing agency NLMARC21
041 0# - LANGUAGE CODE
Language code of text/sound track or separate title eng
044 ## - COUNTRY OF PUBLISHING/PRODUCING ENTITY CODE
MARC country code ii
082 04 - DEWEY DECIMAL CLASSIFICATION NUMBER
Classification number 598
Edition number 22
100 1# - MAIN ENTRY--PERSONAL NAME
Personal name Bhattacharyya, B. N.
9 (RLIN) 479558
245 13 - TITLE STATEMENT
Title An introduction to ornithology and biology of the blue rock pigeon/
Statement of responsibility, etc. B. N. Bhattacharyya
260 ## - PUBLICATION, DISTRIBUTION, ETC.
Place of publication, distribution, etc. Kolkata :
Name of publisher, distributor, etc. New Central Book,
Date of publication, distribution, etc. 2008
300 ## - PHYSICAL DESCRIPTION
Extent xxiv, 383 p. :
Other physical details ill.;
Dimensions 25 cm.
504 ## - BIBLIOGRAPHY, ETC. NOTE
Bibliography, etc. note Includes bibliographical references and index
650 #0 - SUBJECT ADDED ENTRY--TOPICAL TERM
Topical term or geographic name entry element Ornithology
9 (RLIN) 201971
650 #0 - SUBJECT ADDED ENTRY--TOPICAL TERM
Topical term or geographic name entry element Biology
9 (RLIN) 3622
887 ## - NON-MARC INFORMATION FIELD
Content of non-MARC field E. Haque KC
901 ## - LOCAL DATA ELEMENT A, LDA (RLIN)
a DB106970
b 11.09.08
902 ## - LOCAL DATA ELEMENT B, LDB (RLIN)
a E/O 598 B 469
904 ## - LOCAL DATA ELEMENT D, LDD (RLIN)
a E. Haque
905 ## - LOCAL DATA ELEMENT E, LDE (RLIN)
a KC
942 ## - ADDED ENTRY ELEMENTS (KOHA)
Source of classification or shelving scheme Dewey Decimal Classification
Koha item type Books
949 ## - LOCAL PROCESSING INFORMATION (OCLC)
-- VIRTUAITEM
-- 10012
-- 100
6 DB106970
Holdings
Withdrawn status Lost status Damaged status Not for loan Collection code Home library Current library Shelving location Date acquired Total Checkouts Full call number Barcode Date last seen Price effective from Koha item type
        New English Oversized National Library of India National Library of India New English Oversized - Main Stack Division     E/O 598 B 469 DB106970 02/06/2021 02/06/2021 Books
                                                                           
web counter

Copyright ©2020 The National Library of India, Govt. of India ↔ Hosted by NVLI, MOC ↔ Technology and Design by National Library of India, Ministry of Culture, Govt. of India